Cultura generale ITA #14 - Statistics

Statistiche generali
  • Questo quiz è stato fatto 449 volte
  • Il punteggio medio è 13 su 20
Statistiche sulle risposte
Hint Risposta % Corretto
Il colore della patente italiana Rosa
97%
Numero delle capitali del sudafrica 3
94%
Competizione equestre che si svolge a Siena da vari secoli Palio
86%
Elementi del sangue che permettono la coagulazione Piastrine
84%
La fata della storia di Pinocchio Fata dai capelli turchini
83%
Lo stato del Bangladesh è quasi completamente circondato da un altro stato, se si escludono le coste. Di quale stato si tratta? India
83%
Titolo del capo del governo in Germania e in Austria Cancelliere Federale
80%
La prima squadra di calcio italiana (ancora in attività) per data di fondazione Genoa
75%
Significato della radice di parole come albino, alba e albume Bianco
72%
Famosa pedagogista italiana, dà il nome a un famoso metodo educativo Maria Montessori
72%
Gioco d'azzardo di carte, in italiano noto anche come 21 Blackjack
71%
Edificio sede del governo italiano Palazzo Chigi
70%
Altro nome con cui è noto lo stato del Myanmar Birmania
64%
Animale che, secondo una credenza comune, ha un'ottima memoria Elefante
62%
Il barbiere di Siviglia Figaro
50%
Animale a cui dà voce Valerio Mastandrea in una serie animata distribuita su Netflix nel 2021 Armadillo
31%
Il nome comune dell'animale Ursus arctos horribilis Orso Grizzly
30%
Esiste in varietà sativa, indica e ruderalis Cannabis
28%
Nella grammatica italiana i verbi la possono avere attiva o passiva Diatesi
16%
Il nome del primo satellite artificiale ad entrare in orbita Sputnik 1
15%
Nessun quiz corrispondente trovato
Distribuzione punteggi
Percentuale di utenti per punteggio
Percentile per numero di risposta
I tuoi punteggi nel tempo
Non hai fatto questo quiz